000 00583nam a2200217Ia 4500
008 170203s9999 xx 000 0 und d
020 _a1855343436
050 _a911
050 _bAt881 1997
100 _aWyse, Liz
245 _aAtlas of world history /
245 _cco-authors: Liz Wyse and Caroline Lucas.
260 _aNew Lanark :
260 _bGeddes & Grosset,
260 _c1997
300 _a142 pages :
300 _bcolor illustrations, color maps, color portraits ;
300 _c27 cm.
650 _aHistorical geography.
650 _aWorld history.
999 _c305756
_d305756